Materská škola

Gespeichert in:
Bibliographische Detailangaben
1. Verfasser: Čačalová, Simona (Verfasst von)
Weitere Verfasser: Palko, Milan (Betreuung Doktorarbeit)
Format: Manuskript Buch
Sprache:Slowakisch
Veröffentlicht: 2025
Schlagworte:
Online-Zugang:http://is.stuba.sk/zp/portal_zp.pl?podrobnosti=184182
CRZP
Tags: Tag hinzufügen
Keine Tags, Fügen Sie das erste Tag hinzu!

MARC

LEADER 00000ntm a22000003a 4500
001 stuzp104373
003 SK-STU
005 20250722135008.7
007 ta
008 150427s2015----xo-----f-mn---000-0-slo-d
040 |a STU  |b slo 
041 0 |a slo 
100 1 |a Čačalová, Simona  |u 010180  |4 aut  |U SvF Stavebná fakulta  |T SvF Katedra konštrukcií pozemných stavieb  |X 105638  |U V180  |Y 18  |7 105638 
242 0 1 |a Kindergarten  |y eng 
245 1 0 |a Materská škola 
260 |c 2025 
650 4 |a green roof  |2 eng 
650 4 |a atrium  |2 eng 
650 4 |a elliptical floor plan  |2 eng 
650 4 |a execution project  |2 eng 
650 4 |a new construction  |2 eng 
650 4 |a kindergarten  |2 eng 
650 4 |a vegetačná strecha  |2 slo 
650 4 |a materská škola  |2 slo 
650 4 |a átrium  |2 slo 
650 4 |a elipsový pôdorys  |2 slo 
650 4 |a realizačný projekt  |2 slo 
650 4 |a novostavba  |2 slo 
700 1 |a Palko, Milan  |u 010180  |k Z1  |4 ths  |U SvF Stavebná fakulta  |T SvF Katedra konštrukcií pozemných stavieb  |X 2552  |U V180  |Y 18  |7 A000002552 
856 4 |u http://is.stuba.sk/zp/portal_zp.pl?podrobnosti=184182 
856 4 |u https://opac.crzp.sk/?fn=detailBiblioForm&sid=809C367C54749DCAA141A6FF7E5A  |z CRZP